[Event "ROM-ch U08"]
[Site "Calimanesti Caciulata"]
[Date "2019.04.17"]
[Round "4"]
[White "Carp, Albert"]
[Black "Basturea, Ianis Stefan"]
[Result "0-1"]
[WhiteElo "1024"]
[BlackElo "1057"]
[PlyCount "62"]
[EventDate "2019.04.15"]
[EventType "swiss"]
[EventRounds "9"]
[EventCountry "ROU"]
[SourceTitle "CBM 190 Extra"]
[Source "ChessBase"]
[SourceDate "2019.07.15"]
[SourceVersion "1"]
[SourceVersionDate "2019.07.15"]
[SourceQuality "1"]

1. d4 d5 2. Bf4 e6 3. Nf3 c6 4. e3 f5 5. Bd3 Bd6 6. Ne5 Nf6 7. 0-0 Nbd7 8. Nc3 Qe7 9. a3 0-0 10. Qe2 Ne4 11. Bxe4 fxe4 12. h3 Nxe5 13. dxe5 Bc7 14. Rfd1 Rf5 15. Bg3 Bxe5 16. Bxe5 Rxe5 17. Kh1 Rf5 18. Rf1 Bd7 19. b4 Raf8 20. Rab1 Qf6 21. Nd1 b5 22. Kg1 Rg5 23. Qd2 e5 24. Kh2 Qg6 25. f3 exf3 26. Rxf3 Rxf3 27. gxf3 Rg3 28. Nf2 Rg2+ 29. Kh1 Qg3 30. Ng4 Qxh3+ 31. Nh2 Qxh2# 0-1

[Event "ROM-ch U08"]
[Site "Calimanesti"]
[Date "2018.03.27"]
[Round "1"]
[White "Basturea, Ianis Stefan"]
[Black "Chicarosie, Andrei"]
[Result "1-0"]
[WhiteElo "1152"]
[BlackElo "1001"]
[PlyCount "69"]
[EventDate "2018.03.27"]
[EventType "swiss"]
[EventRounds "9"]
[EventCountry "ROU"]
[SourceTitle "CBM 183 Extra"]
[Source "ChessBase"]
[SourceDate "2018.04.19"]
[SourceVersion "1"]
[SourceVersionDate "2018.04.19"]
[SourceQuality "1"]

1. e4 e5 2. Nf3 Nf6 3. Nc3 Nc6 4. Bc4 Bc5 5. d3 0-0 6. 0-0 h6 7. Re1 Re8 8. a3 Qe7 9. h3 d6 10. b4 Bb6 11. Bb5 Nh5 12. Nd5 Qd8 13. Rb1 Bd7 14. Bd2 Ne7 15. Bxd7 Qxd7 16. Nxe7+ Qxe7 17. Bc3 Qe6 18. Nd2 Qg6 19. Nf3 Nf6 20. Nh4 Qh5 21. Qxh5 Nxh5 22. Nf5 Rf8 23. a4 Nf6 24. a5 Bc5 25. bxc5 dxc5 26. Rxb7 Rac8 27. Ne7+ Kh8 28. Nxc8 Rxc8 29. Bxe5 Nh5 30. Rxc7 Rxc7 31. Bxc7 Kh7 32. Bb8 a6 33. Ba7 Nf6 34. Bxc5 Nd7 35. d4 1-0